000 00694nam a2200253Ia 4500
003 OSt
005 20221005070015.0
006 a|||||r|||| 00| 0
007 ta
008 221004b |||||||| |||| 00| 0 eng d
020 _a978819211062 (hbk)
024 _a20776
037 _bGift, 06/07/2015,
_cTextual
040 _aCRL
_cCRL
_beng
041 _2eng
_aeng
082 _aN1(Q7), Q3
100 _aCurrim Mumtaz Ed.
_939592
245 0 _aJannat
_b Paradise in Islamic art
260 _aMumbai
_bMarg Foundation
_c2013
300 _a144p.
_ccm.
650 _aARTS
942 _hN1(Q7), Q3
_cTEXL
_2cc
999 _c975526
_d975526